Genetic programming III : darwinian invention and problem solving /
Bewaard in:
| Andere auteurs: | |
|---|---|
| Formaat: | Sách giấy |
| Gepubliceerd in: |
San Francisco :
Morgan Kaufmann,
1999
|
| Onderwerpen: | |
| Online toegang: | Table of contents Publisher description |
| Tags: |
Voeg label toe
Geen labels, Wees de eerste die dit record labelt!
|
| Thư viện lưu trữ: | Thư viện Trường Đại học Đà Lạt |
|---|
| LEADER | 01152nam a2200361 4500 | ||
|---|---|---|---|
| 001 | DLU050048007 | ||
| 005 | ##20050629 | ||
| 008 | ##990222s1999 caua b 001 0 eng | ||
| 010 | # | # | |a 99010099 |
| 020 | # | # | |a 1558605436 |
| 035 | # | # | |9 (DLC) 99010099 |
| 040 | # | # | |a DLC |c DLC |d DLC |
| 042 | # | # | |a pcc |
| 050 | # | # | |a QA76.623 |b .K69 1999 |
| 082 | # | # | |a 006.31 |b Gen |
| 245 | # | # | |a Genetic programming III : |b darwinian invention and problem solving / |c John R. Koza ... [et al.]. |
| 260 | # | # | |a San Francisco : |b Morgan Kaufmann, |c 1999 |
| 300 | # | # | |a xxviii, 1154 p. : |b ill. ; |c 25 cm. |
| 504 | # | # | |a Includes bibliographical references (p. [1081]-1114). |
| 650 | # | # | |a Genetic programming (Computer science) |
| 700 | # | # | |a Koza, John R. |
| 856 | # | # | |3 Table of contents |u http://www.loc.gov/catdir/toc/els033/99010099.html |
| 856 | # | # | |3 Publisher description |u http://www.loc.gov/catdir/description/els033/99010099.html |
| 923 | # | # | |a 21/2005 |
| 992 | # | # | |a 47300 |
| 994 | # | # | |a DLU |
| 900 | # | # | |a True |
| 911 | # | # | |a Nguyễn Thị Tố Hạnh |
| 925 | # | # | |a G |
| 926 | # | # | |a A |
| 927 | # | # | |a SH |
| 980 | # | # | |a Thư viện Trường Đại học Đà Lạt |


